000 00481 a2200157 4500
020 _a8177220195
040 _aDLC
_bDLC
082 _a005.7565
100 _aDesphande, P.S.
245 _aSQL PL SQL for oracle 8 & 8i:the database for network computing
_hP.S, Desphande.
260 _aNew Delhi, India :
_bDreamtech Press,
_c c2000.
300 _a514 p. :
_b ill. ;
_c24 cm.
500 _aIncludes Index
650 _aSQL (computer program lanaguage)
942 _cBK
_k005.7565 DES
_2ddc
999 _c6516
_d6516